The US maritime strategy /

Bibliographic Details
Main Author: Friedman, Norman, 1946-
Format: Book
Language:English
Published: London ; New York : Jane's, 1988.
Subjects:

MARC

Tag First Indicator Second Indicator Subfields
LEADER 00000cam a2200000 a 4500
001 in00000030880
005 20151007054901.0
008 880520s1988 enkaf b 00110 eng d
020 |a 0710605005 
035 |a (OCoLC)17978904 
035 |9 AAB6521AM 
040 |a NSL  |c NSL  |d TXA  |d UtOrBLW 
049 |a TXAM  |c [A11522884] 
050 4 |a V165  |b .F74 1988 
100 1 |a Friedman, Norman,  |d 1946- 
245 1 4 |a The US maritime strategy /  |c Norman Friedman. 
264 1 |a London ;  |a New York :  |b Jane's,  |c 1988. 
300 |a ix, 246 pages, 16 unnumbered pages of plates :  |b illustrations ;  |c 23 cm. 
336 |a text  |b txt  |2 rdacontent 
337 |a unmediated  |b n  |2 rdamedia 
338 |a volume  |b nc  |2 rdacarrier 
504 |a Includes bibliographical references and index. 
650 0 |a Sea-power. 
650 0 |a National security  |z United States. 
650 0 |a Naval strategy. 
650 0 |a Sea control. 
999 |a MARS 
999 f f |s 65240cb1-631c-3165-b9ea-5583a58a8380  |i 5affd825-d790-3e6e-9002-9e73e648a09a  |t 0 
952 f f |p ric  |a Texas A&M University  |b Rellis Campus  |c Joint Library Facility  |d Remote Storage  |t 0  |e V165 .F74 1988  |h Library of Congress classification  |i unmediated -- volume  |m A14811522884 
998 f f |a V165 .F74 1988  |t 0  |l Remote Storage